| 000 | 00458nam a22001817a 4500 | ||
|---|---|---|---|
| 003 | LK-CoMWRAF | ||
| 005 | 20231017223053.0 | ||
| 008 | 231017b |||||||| |||| 00| 0 eng d | ||
| 040 |
_aLK-CoMWRAF _dLK-CoMWRAF _eLK-CoMWRAF |
||
| 041 | _aeng | ||
| 082 |
_a428 _bOVE |
||
| 245 | _aOver the hills | ||
| 490 | _aRadiant reading-Book five | ||
| 650 | _aEnglish--Reading | ||
| 700 |
_aCollocott, T. C. _eed. |
||
| 700 |
_aTresilian, Stuart _eills. |
||
| 942 | _cBK | ||
| 999 |
_c3915 _d3915 |
||